| 000 | 00532nam a2200169Ia 4500 | ||
|---|---|---|---|
| 008 | 230718s9999 xx 000 0 und d | ||
| 020 | _a9780849385964 | ||
| 041 | _aeng | ||
| 082 |
_a620.7 _bNWO |
||
| 100 |
_aNwokah O.D. _9198741 |
||
| 245 |
_aMechanical Systems Design Handbook _bModeling, Measurement, And Control |
||
| 260 |
_c2013 _bCRC Press |
||
| 300 |
_a839 _dRef 157 M (52943) |
||
| 365 |
_cRs. _b3995.00 |
||
| 700 |
_aNwokah O.D. & Hurmuzlu Y. _9198742 |
||
| 906 |
_dO:0499012-Feb-2016B:SE/SI/288703-Feb-2016 _cMECH _b1278.4 |
||
| 999 |
_c341736 _d341736 |
||